[Event "II Festival Riviera delle Palme A"]
[Site "San Benedetto del Tronto ITA"]
[Date "1999.07.??"]
[Round "6"]
[White "Bertacco, Piero"]
[Black "Suppa, Ercole"]
[Result "0-1"]
[WhiteElo "1792"]
[BlackElo "2140"]
[PlyCount "142"]
[EventDate "1999.07.11"]

1. d4 Nf6 2. Nf3 c5 3. d5 e6 4. c4 b5 5. dxe6 fxe6 6. cxb5 d5 7. e3 Bd6 8. Be2
O-O 9. O-O a6 10. a4 Qc7 11. h3 Bd7 12. Nc3 c4 13. bxa6 Nxa6 14. Nd4 Qc8 15.
Ndb5 Bb8 16. e4 Nc7 17. Nd6 Qa6 18. e5 Qc6 19. Nxc4 Ne4 20. Nxe4 dxe4 21. Qd6
Rd8 22. Bg5 Re8 23. Rfd1 Nd5 24. Qxc6 Bxc6 25. Nd6 Bxd6 26. exd6 h6 27. Be7
Rxa4 28. Rxa4 Bxa4 29. Ra1 Nxe7 30. Rxa4 Nf5 31. d7 Rd8 32. Ra7 Kf7 33. Ba6 Ke7
34. Bc8 e3 35. fxe3 Nxe3 36. Ra1 Nd5 37. Rc1 Nb6 38. Rc2 Nxd7 39. Bxd7 Rxd7 40.
Kf2 Rb7 41. Ke3 Kd6 42. Kd4 g6 43. Rf2 e5+ 44. Kc3 Rc7+ 45. Kd3 Ke6 46. Rc2 e4+
47. Kd2 Rb7 48. Ke3 Rb4 49. Rc6+ Kf5 50. Rc5+ Kf6 51. Rc6+ Kg5 52. Rc5+ Kh4 53.
Rc2 h5 54. Kf4 g5+ 55. Ke3 Kg3 56. Kd2 Rb3 57. Ke1 Rb5 58. Re2 Rb4 59. Kf1 Kf4
60. Kf2 h4 61. Ke1 Rd4 62. Rd2 Ra4 63. Rf2+ Kg3 64. Re2 Ra1+ 65. Kd2 Rb1 66.
Kc2 Rg1 67. b4 Rxg2 68. Rxg2+ Kxg2 69. Kd2 Kf2 70. b5 e3+ 71. Kd3 e2 0-1

[Event "II Festival Riviera delle Palme A"]
[Site "San Benedetto del Tronto ITA"]
[Date "1999.07.??"]
[Round "6"]
[White "Lazarev, Vladimir"]
[Black "Chatalbashev, Boris"]
[Result "1-0"]
[WhiteElo "2501"]
[BlackElo "2524"]
[PlyCount "79"]
[EventDate "1999.07.11"]

1. d4 g6 2. c4 Bg7 3. e4 c5 4. d5 d6 5. Bd3 e6 6. Nc3 exd5 7. cxd5 Ne7 8. h3
O-O 9. Nf3 a6 10. a4 f5 11. exf5 Nxf5 12. O-O Nd7 13. Ng5 Ne5 14. Be4 Nd4 15.
f4 Nf7 16. Nxh7 Kxh7 17. Qh5+ Kg8 18. Bxg6 Nh6 19. g4 Ndf5 20. gxf5 Bxf5 21.
Kh2 Qf6 22. Rg1 Qd4 23. Rg2 Rf6 24. Bxf5 Nxf5 25. Bd2 Raf8 26. Rag1 Rh6 27. Qe2
Kh8 28. Rg5 Rh7 29. R1g2 Qf6 30. Rh5 Nd4 31. Rxh7+ Kxh7 32. Qg4 Bh6 33. Ne4 Qf5
34. Nxd6 Qxg4 35. hxg4 Nf3+ 36. Kh3 Nxd2 37. g5 Rxf4 38. gxh6 Rf3+ 39. Kh4 Rf4+
40. Kh5 1-0

[Event "II Festival Riviera delle Palme A"]
[Site "San Benedetto del Tronto ITA"]
[Date "1999.07.??"]
[Round "6"]
[White "Mrdja, Milan"]
[Black "Metrangolo, Antonio"]
[Result "1-0"]
[WhiteElo "2425"]
[BlackElo "1954"]
[PlyCount "74"]
[EventDate "1999.07.11"]

1. e4 c5 2. Nf3 d6 3. d4 cxd4 4. Nxd4 Nf6 5. Nc3 e6 6. g4 Nc6 7. g5 Nd7 8. Be3
a6 9. Qg4 Nde5 10. Qg3 Nxd4 11. Bxd4 Nc6 12. Be3 b5 13. O-O-O Qa5 14. Kb1 b4
15. Ne2 e5 16. Nc1 Be6 17. Bh3 Bxh3 18. Qxh3 Qc7 19. f4 Rc8 20. Nd3 a5 21. Rhf1
a4 22. f5 a3 23. b3 Na7 24. c4 bxc3 25. Kc2 d5 26. Bxa7 Qxa7 27. f6 Rc7 28.
exd5 gxf6 29. gxf6 Bd6 30. Qg2 Rf8 31. Rfe1 Kd8 32. Nxe5 Bxe5 33. Rxe5 Qc5 34.
Qg3 Re8 35. Rxe8+ Kxe8 36. d6 Qf5+ 37. Rd3 Qxd3+ 1-0

[Event "II Festival Riviera delle Palme A"]
[Site "San Benedetto del Tronto ITA"]
[Date "1999.07.??"]
[Round "6"]
[White "Palmiotto, Fiorentino"]
[Black "Luciani, Valerio"]
[Result "0-1"]
[WhiteElo "2161"]
[BlackElo "2229"]
[PlyCount "40"]
[EventDate "1999.07.11"]

1. d4 f5 2. c4 Nf6 3. Nc3 g6 4. Nf3 Bg7 5. Bf4 d6 6. Qd2 h6 7. h4 Nh5 8. g3 Be6
9. d5 Bf7 10. Be3 Nd7 11. Bd4 Ne5 12. b3 O-O 13. Bg2 Kh7 14. O-O-O c5 15. dxc6
bxc6 16. Bxe5 dxe5 17. Qxd8 Raxd8 18. e4 Be6 19. Rxd8 Rxd8 20. Bh3 Rd3 0-1

[Event "II Festival Riviera delle Palme A"]
[Site "San Benedetto del Tronto ITA"]
[Date "1999.07.??"]
[Round "6"]
[White "Papadatos, Ioannis"]
[Black "Sbraccia, Giovanni"]
[Result "1-0"]
[WhiteElo "2181"]
[BlackElo "2134"]
[PlyCount "160"]
[EventDate "1999.07.11"]

1. d4 Nf6 2. Nf3 c5 3. d5 d6 4. Nc3 g6 5. e4 Nbd7 6. Be2 Bg7 7. O-O O-O 8. h3
a6 9. a4 Rb8 10. Nd2 Ne8 11. Nc4 Ne5 12. Ne3 f5 13. f4 Nf7 14. exf5 gxf5 15.
Bd3 Bd4 16. Kh1 Ng7 17. Ne2 Bf6 18. Ng3 Nh6 19. c4 Qe8 20. Rb1 Bd7 21. a5 b5
22. axb6 Rxb6 23. b3 Qg6 24. Rf3 Rfb8 25. Bd2 Kh8 26. Ne2 Qe8 27. Rf1 Qc8 28.
Ba5 R6b7 29. Qc2 Nh5 30. Bc3 Qf8 31. Rg1 Bxc3 32. Qxc3+ Qf6 33. Qxf6+ Nxf6 34.
Bc2 Ne4 35. Ra1 Rb6 36. Ra3 Nd2 37. Nc1 Kg7 38. Rd1 Ne4 39. Bxe4 fxe4 40. g4
Rf8 41. Rf1 Ng8 42. Kg2 h5 43. Kg3 hxg4 44. hxg4 Nf6 45. Rh1 Ra8 46. Ra5 Rab8
47. f5 Rg8 48. Kf4 Be8 49. Ra2 Kf8 50. Rah2 a5 51. g5 Nd7 52. Rh8 Ne5 53. Kxe4
a4 54. bxa4 Bxa4 55. Rxg8+ Kxg8 56. Nd3 Nd7 57. Ra1 Ra6 58. Nf4 Ne5 59. Rb1 Ra8
60. Rb7 Re8 61. Ne6 Bd7 62. Nxc5 Bc8 63. Rc7 Nf7 64. g6 Nh6 65. Ne6 Bxe6 66.
dxe6 Kg7 67. Nd5 Ng8 68. Kf4 Nf6 69. Rxe7+ Rxe7 70. Nxe7 Ne8 71. Nd5 Kh6 72. f6
Kxg6 73. f7 Ng7 74. Nc7 Nxe6+ 75. Nxe6 Kxf7 76. Nd4 Ke7 77. Ke4 Kd7 78. Kd5 Kc7
79. Nb5+ Kd7 80. Nxd6 Kc7 1-0

[Event "II Festival Riviera delle Palme A"]
[Site "San Benedetto del Tronto ITA"]
[Date "1999.07.??"]
[Round "6"]
[White "Safranska, Anda"]
[Black "Zaja, Ivan"]
[Result "0-1"]
[WhiteElo "2267"]
[BlackElo "2446"]
[PlyCount "86"]
[EventDate "1999.07.11"]

1. e4 e6 2. Qe2 Be7 3. Nf3 d5 4. d3 dxe4 5. dxe4 b6 6. c3 Ba6 7. c4 Nc6 8. a3
Nf6 9. e5 Nd7 10. b4 Bb7 11. Bb2 O-O 12. Qc2 f6 13. exf6 Bxf6 14. Nbd2 Bxb2 15.
Qxb2 Qf6 16. Qxf6 gxf6 17. Be2 a5 18. b5 Nce5 19. Nxe5 Nxe5 20. c5 Rad8 21. Rc1
Nd3+ 22. Bxd3 Rxd3 23. cxb6 cxb6 24. Nc4 Rc8 25. O-O Rd5 26. Nxb6 Rxc1 27. Rxc1
Rxb5 28. Nd7 Kf7 29. h3 Ke7 30. Nc5 Bd5 31. Nd3 Rb3 32. Nf4 Kd6 33. Nh5 f5 34.
Nf6 Rxa3 35. Nxh7 a4 36. Nf6 Rd3 37. Nxd5 Kxd5 38. Rc8 a3 39. Ra8 Kc4 40. Kh2
Kb3 41. g4 fxg4 42. hxg4 a2 43. g5 Rd1 0-1

[Event "II Festival Riviera delle Palme A"]
[Site "San Benedetto del Tronto ITA"]
[Date "1999.07.??"]
[Round "6"]
[White "Tribuiani, Renato"]
[Black "Luchsinger, Eric"]
[Result "1/2-1/2"]
[WhiteElo "2128"]
[BlackElo "2200"]
[PlyCount "49"]
[EventDate "1999.07.11"]

1. d4 Nf6 2. e3 c5 3. c3 b6 4. Nd2 e6 5. f4 Bb7 6. Ngf3 d6 7. Bd3 cxd4 8. exd4
g6 9. Qe2 Be7 10. O-O O-O 11. Re1 Re8 12. b3 Nbd7 13. c4 Bf8 14. Bb2 Bg7 15.
Qf2 Ba6 16. Bf1 Bb7 17. Bd3 Ba6 18. Bf1 Bb7 19. Rad1 Rc8 20. Bd3 Ba6 21. Bf1
Qc7 22. Rc1 Qd8 23. Ba3 Bf8 24. Qh4 Nh5 25. Qxd8 1/2-1/2

[Event "II Festival Riviera delle Palme A"]
[Site "San Benedetto del Tronto ITA"]
[Date "1999.07.??"]
[Round "6"]
[White "Voltolini, Giuseppe"]
[Black "Facchetti, Gianni"]
[Result "1-0"]
[WhiteElo "2260"]
[BlackElo "2130"]
[PlyCount "101"]
[EventDate "1999.07.11"]

1. d4 Nf6 2. c4 e5 3. dxe5 Ng4 4. Bf4 Nc6 5. Nf3 Bb4+ 6. Nbd2 Qe7 7. e3 Ngxe5
8. Be2 d6 9. O-O Bxd2 10. Qxd2 a5 11. Nd4 O-O 12. Bg3 Nd7 13. Nb5 Nc5 14. f3
Be6 15. Nc3 Nb4 16. Rab1 b6 17. a3 Nba6 18. b4 Nd7 19. Nd5 Bxd5 20. cxd5 axb4
21. axb4 Nab8 22. Rbc1 Ra7 23. Rfe1 f5 24. Bd3 Ne5 25. Bb5 Nbd7 26. e4 Qf7 27.
f4 Ng6 28. e5 Nb8 29. e6 Qf6 30. Qe3 Ne7 31. Qf2 h6 32. Qd2 Rc8 33. Bf2 Kh7 34.
Bd4 Qf8 35. Bb2 c5 36. dxc6 Nbxc6 37. Rc2 Nd8 38. Rxc8 Nxc8 39. Bd7 Ne7 40.
Qxd6 Ra2 41. Bd4 Nb7 42. Qxb6 Qb8 43. Be5 Qa8 44. Bc6 Nxc6 45. Qxc6 Qa7+ 46.
Kh1 Nd8 47. Qd5 Qf2 48. Rg1 Rd2 49. Qc4 Rc2 50. Qxc2 Qxc2 51. e7 1-0

[Event "II Festival Riviera delle Palme A"]
[Site "San Benedetto del Tronto ITA"]
[Date "1999.07.??"]
[Round "7"]
[White "Bertacco, Piero"]
[Black "Tribuiani, Renato"]
[Result "0-1"]
[WhiteElo "1792"]
[BlackElo "2128"]
[PlyCount "82"]
[EventDate "1999.07.11"]

1. d4 d5 2. Nf3 c6 3. e3 e6 4. c4 f5 5. Ne5 Nf6 6. Nc3 Bd6 7. f4 O-O 8. Be2 Bd7
9. O-O Be8 10. Bd2 Bg6 11. a3 Nbd7 12. b4 Ne4 13. Nxe4 fxe4 14. Nxd7 Qxd7 15.
g4 Qe7 16. c5 Bc7 17. Qe1 Be8 18. g5 Bg6 19. Bg4 Bf5 20. Qe2 Qf7 21. Rf2 Bxg4
22. Qxg4 Qf5 23. h3 g6 24. Be1 Rf7 25. Rb2 Rff8 26. Qxf5 exf5 27. a4 Kf7 28. b5
Rfb8 29. Rab1 cxb5 30. axb5 b6 31. cxb6 Bxb6 32. Kf2 Rc8 33. Ke2 Rc4 34. Kd1
Rac8 35. Bd2 h6 36. h4 hxg5 37. hxg5 Rh8 38. Be1 Rh1 39. Re2 Ba5 40. Ra1 Bb6
41. Rc2 Rxe1+ 0-1

[Event "II Festival Riviera delle Palme A"]
[Site "San Benedetto del Tronto ITA"]
[Date "1999.07.??"]
[Round "7"]
[White "Chatalbashev, Boris"]
[Black "Zaja, Ivan"]
[Result "1/2-1/2"]
[WhiteElo "2524"]
[BlackElo "2446"]
[PlyCount "30"]
[EventDate "1999.07.11"]

1. c4 e6 2. d4 f5 3. g3 Nf6 4. Bg2 Be7 5. Nf3 O-O 6. O-O c6 7. b3 a5 8. Nc3 d5
9. Bb2 Bd7 10. Ne5 Be8 11. Rc1 Nbd7 12. Nd3 Ne4 13. Na4 b5 14. cxb5 cxb5 15.
Nac5 Ndxc5 1/2-1/2

[Event "II Festival Riviera delle Palme A"]
[Site "San Benedetto del Tronto ITA"]
[Date "1999.07.??"]
[Round "7"]
[White "Facchetti, Gianni"]
[Black "Safranska, Anda"]
[Result "0-1"]
[WhiteElo "2130"]
[BlackElo "2267"]
[PlyCount "122"]
[EventDate "1999.07.11"]

1. e4 g6 2. d3 Bg7 3. Nf3 d5 4. Nbd2 Nf6 5. c3 O-O 6. Be2 c5 7. Qc2 Nc6 8. a4
e5 9. Nf1 d4 10. Ng3 Qd6 11. Nd2 Be6 12. h4 Rad8 13. c4 Nd7 14. Nf3 Nb6 15. b3
Nc8 16. h5 f6 17. hxg6 hxg6 18. Nh4 N8e7 19. Bd2 Kf7 20. Qd1 Rh8 21. Bg4 Nb4
22. Bxb4 cxb4 23. Bxe6+ Qxe6 24. a5 Bh6 25. Nf3 Bf4 26. Rxh8 Rxh8 27. Nf1 a6
28. Ng1 Nc6 29. Nh3 Bh6 30. Qf3 Qd7 31. Nh2 Bg7 32. Qe2 Bf8 33. Ng4 Be7 34. Kd2
Kg7 35. f4 exf4 36. e5 f5 37. Nf6 Bxf6 38. exf6+ Kxf6 39. Nxf4 Rc8 40. Qf2 Kg7
41. Qg3 Qf7 42. Qg5 Rh8 43. Re1 Qf6 44. Qg3 Rh4 45. Nd5 Qd8 46. Re6 Rg4 47. Qh2
Qg5+ 48. Kd1 Rg3 49. Re2 Rxd3+ 50. Kc2 Rg3 51. Rd2 d3+ 52. Kd1 Nd4 53. Rf2 Ne2
54. Rxe2 dxe2+ 55. Ke1 Rxg2 56. Qe5+ Kh7 57. Nf6+ Kh6 58. Ng8+ Kh5 59. Qh8+ Kg4
60. Nf6+ Kf3 61. Qh3+ Qg3+ 0-1

[Event "II Festival Riviera delle Palme A"]
[Site "San Benedetto del Tronto ITA"]
[Date "1999.07.??"]
[Round "7"]
[White "Luchsinger, Eric"]
[Black "Suppa, Ercole"]
[Result "1/2-1/2"]
[WhiteElo "2200"]
[BlackElo "2140"]
[PlyCount "127"]
[EventDate "1999.07.11"]

1. d4 Nf6 2. Bg5 e6 3. e4 h6 4. Bxf6 Qxf6 5. Nc3 Bb4 6. Qd2 b6 7. a3 Bxc3 8.
bxc3 Ba6 9. Bxa6 Nxa6 10. Nf3 O-O 11. O-O d6 12. a4 Nb8 13. Qe3 Nd7 14. Nd2 e5
15. f4 Qe7 16. fxe5 dxe5 17. a5 Rfe8 18. Rf5 Qe6 19. Kh1 exd4 20. Qxd4 Rad8 21.
Rd5 Qe7 22. axb6 axb6 23. Qf2 Nf6 24. Rxd8 Rxd8 25. Re1 Qe5 26. h3 Qxc3 27. Nf3
Ra8 28. e5 Nh7 29. e6 fxe6 30. Rxe6 Qc4 31. Re1 Qf4 32. Qe2 Qf6 33. Qd3 Ra1 34.
Rxa1 Qxa1+ 35. Kh2 Qf6 36. Kh1 Ng5 37. Qc4+ Qf7 38. Qd3 Nxf3 39. gxf3 Qe7 40.
Kg2 Qd6 41. Qe4 c5 42. c4 Kf7 43. Qf5+ Ke7 44. Qe4+ Kf7 45. Qf5+ Kg8 46. Qe4
Kh8 47. Qc2 g6 48. Qe4 Kg7 49. Qb7+ Kf6 50. Qe4 Qe6 51. Qf4+ Qf5 52. Qd6+ Kg5
53. Kg3 Kh5 54. f4 g5 55. Qd1+ Kg6 56. Qd6+ Qf6 57. Qd3+ Kg7 58. fxg5 Qxg5+ 59.
Kh2 Qf4+ 60. Kg2 Kf6 61. Qd8+ Kg6 62. Qxb6+ Kh7 63. Qxc5 Qe4+ 64. Kg3 1/2-1/2

[Event "II Festival Riviera delle Palme A"]
[Site "San Benedetto del Tronto ITA"]
[Date "1999.07.??"]
[Round "7"]
[White "Luciani, Valerio"]
[Black "Lazarev, Vladimir"]
[Result "0-1"]
[WhiteElo "2229"]
[BlackElo "2501"]
[PlyCount "66"]
[EventDate "1999.07.11"]

1. e4 c5 2. Nc3 Nc6 3. g3 g6 4. Bg2 Bg7 5. d3 d6 6. Be3 e6 7. Qd2 Qa5 8. Nge2
Nd4 9. Nc1 h5 10. h3 Ne7 11. O-O Bd7 12. f4 Rc8 13. Qf2 b5 14. Nb3 Qb6 15. Rae1
b4 16. Nd1 f5 17. Nc1 O-O 18. Qd2 e5 19. Rf2 Bc6 20. Ref1 Qb7 21. c3 Ne6 22.
Ne2 d5 23. fxe5 dxe4 24. dxe4 Rcd8 25. Qc2 fxe4 26. Rxf8+ Rxf8 27. Rxf8+ Bxf8
28. cxb4 cxb4 29. Qb3 Bd5 30. Qc2 Nf5 31. Kh2 b3 32. axb3 Bxb3 33. Bxe4 Bxc2
0-1

[Event "II Festival Riviera delle Palme A"]
[Site "San Benedetto del Tronto ITA"]
[Date "1999.07.??"]
[Round "7"]
[White "Metrangolo, Antonio"]
[Black "Papadatos, Ioannis"]
[Result "1/2-1/2"]
[WhiteElo "1954"]
[BlackElo "2181"]
[PlyCount "83"]
[EventDate "1999.07.11"]

1. g3 Nf6 2. Bg2 d5 3. Nf3 c6 4. b3 g6 5. Bb2 Bg7 6. O-O O-O 7. c4 Bg4 8. Ne5
Be6 9. d4 Nfd7 10. cxd5 cxd5 11. Nd3 Nf6 12. Nc3 Bc8 13. Rc1 a6 14. Nf4 e6 15.
Qd2 Bd7 16. e4 dxe4 17. Nxe4 Bc6 18. d5 exd5 19. Nxf6+ Bxf6 20. Bxf6 Qxf6 21.
Nxd5 Bxd5 22. Qxd5 Nc6 23. Qd7 Nd4 24. Rc7 Rad8 25. Qe7 Qxe7 26. Rxe7 b5 27.
Ra7 Rd6 28. Re1 Ne6 29. h4 Rc8 30. Bh3 Rcc6 31. Bg2 Rc2 32. Bh3 Rxa2 33. Bxe6
Rxe6 34. Rxe6 fxe6 35. Re7 a5 36. Rxe6 b4 37. Re7 Ra3 38. Ra7 Rxb3 39. Rxa5
Rb1+ 40. Kg2 b3 41. Ra7 b2 42. Rb7 1/2-1/2

[Event "II Festival Riviera delle Palme A"]
[Site "San Benedetto del Tronto ITA"]
[Date "1999.07.??"]
[Round "7"]
[White "Mrdja, Milan"]
[Black "Voltolini, Giuseppe"]
[Result "1-0"]
[WhiteElo "2425"]
[BlackElo "2260"]
[PlyCount "103"]
[EventDate "1999.07.11"]

1. e4 c5 2. Nf3 Nc6 3. d4 cxd4 4. Nxd4 Nf6 5. Nc3 d6 6. Bg5 e6 7. Qd2 Be7 8.
O-O-O O-O 9. f4 h6 10. Bh4 e5 11. Nf5 Bxf5 12. exf5 exf4 13. Qxf4 d5 14. Kb1 d4
15. Bxf6 Bxf6 16. Ne4 Be5 17. Qf3 Rc8 18. a3 Qa5 19. f6 Bxf6 20. Nxf6+ gxf6 21.
Bd3 Rfe8 22. Rhf1 Qg5 23. g3 Re3 24. Qh1 Qc5 25. Qg2 Ne5 26. Qxb7 Rc6 27. Qb4
Nxd3 28. cxd3 Qxb4 29. axb4 Rb6 30. Rde1 Re5 31. Re4 Rxb4 32. Rxf6 Reb5 33. Rf2
a5 34. Re8+ Kg7 35. Re7 a4 36. Rexf7+ Kg8 37. Ra7 Rb3 38. Rc2 Rb8 39. Rxa4 Rxd3
40. Ra7 Rdb3 41. Ka2 R3b4 42. Rd7 Ra8+ 43. Kb1 Re8 44. Rd2 Re1+ 45. Ka2 Rh1 46.
Ka3 Rb8 47. Ka2 Rb4 48. R7xd4 Rxd4 49. Rxd4 Rxh2 50. Rh4 Rg2 51. Rxh6 Rxg3 52.
Rf6 1-0

[Event "II Festival Riviera delle Palme A"]
[Site "San Benedetto del Tronto ITA"]
[Date "1999.07.??"]
[Round "7"]
[White "Sbraccia, Giovanni"]
[Black "Palmiotto, Fiorentino"]
[Result "1-0"]
[WhiteElo "2134"]
[BlackElo "2161"]
[PlyCount "99"]
[EventDate "1999.07.11"]

1. g3 Nf6 2. Bg2 g6 3. e4 d6 4. d3 Bg7 5. Nc3 c6 6. Nf3 O-O 7. O-O Nbd7 8. h3
Qc7 9. Bg5 b5 10. Qd2 Re8 11. Bh6 Bh8 12. Nh4 b4 13. Ne2 Rb8 14. f4 Nf8 15. Kh2
N6d7 16. Rf2 Bxb2 17. Raf1 Bg7 18. Bxg7 Kxg7 19. f5 Nf6 20. fxg6 fxg6 21. Nd4
h6 22. Nxc6 Qxc6 23. e5 Qc3 24. exf6+ exf6 25. Qf4 Qe5 26. Qxf6+ Qxf6 27. Rxf6
g5 28. Rf7+ Kg8 29. Bd5 Be6 30. Rxf8+ Rxf8 31. Bxe6+ Kh7 32. Nf3 Rbe8 33. Bg4
Kg6 34. h4 h5 35. Bd7 Re2+ 36. Kg1 g4 37. Nd4 Rxf1+ 38. Kxf1 Re7 39. Be6 a5 40.
Bc4 Rc7 41. Ne2 Rc5 42. Nf4+ Kf5 43. Kf2 a4 44. Nd5 Ke5 45. Nxb4 Rxc4 46. dxc4
Kd4 47. Ke2 Kc3 48. a3 Kb2 49. Kd3 Kxa3 50. Kc3 1-0

[Event "II Festival Riviera delle Palme A"]
[Site "San Benedetto del Tronto ITA"]
[Date "1999.07.??"]
[Round "8"]
[White "Facchetti, Gianni"]
[Black "Bertacco, Piero"]
[Result "1-0"]
[WhiteElo "2130"]
[BlackElo "1792"]
[PlyCount "109"]
[EventDate "1999.07.11"]

1. e4 c5 2. Nf3 Nc6 3. c3 d5 4. exd5 Qxd5 5. Be2 e5 6. d3 Nf6 7. O-O Be7 8. Qc2
O-O 9. Rd1 Rd8 10. Bg5 h6 11. Bxf6 Bxf6 12. Nbd2 Bf5 13. Ne4 Be7 14. Nfd2 Qe6
15. a4 b6 16. Nc4 Rab8 17. Bf3 Bg6 18. Qe2 f6 19. Ng3 Qd7 20. Be4 Bh7 21. Qf3
Rbc8 22. h4 Bf8 23. h5 Ne7 24. Ne3 Kh8 25. Ngf5 Nxf5 26. Bxf5 Bxf5 27. Qxf5
Qxf5 28. Nxf5 Rd7 29. Kf1 Rcd8 30. Ke2 Bd6 31. c4 a5 32. f3 Kg8 33. Ke3 Kf7 34.
Ke4 Bf8 35. Ra3 Ke6 36. Rb3 Rb8 37. Rb5 Bd6 38. g4 Bc7 39. Rc1 Ra8 40. Ke3 Rad8
41. Rc3 Ra8 42. Ke2 Bd8 43. Rcb3 Rb8 44. Rxa5 Rdb7 45. Ra6 Kd7 46. Nxg7 Kc6 47.
Nf5 Rh7 48. a5 Kb7 49. Raxb6+ Bxb6 50. Rxb6+ Kc7 51. Rxb8 Kxb8 52. Ke3 Kc7 53.
Ke4 Kc6 54. b3 Kd7 55. Kd5 1-0

[Event "II Festival Riviera delle Palme A"]
[Site "San Benedetto del Tronto ITA"]
[Date "1999.07.??"]
[Round "8"]
[White "Lazarev, Vladimir"]
[Black "Voltolini, Giuseppe"]
[Result "1/2-1/2"]
[WhiteElo "2501"]
[BlackElo "2260"]
[PlyCount "76"]
[EventDate "1999.07.11"]

1. d4 f5 2. c4 Nf6 3. g3 g6 4. Bg2 Bg7 5. Nf3 O-O 6. Nc3 d6 7. O-O Nc6 8. d5
Ne5 9. Nxe5 dxe5 10. c5 e6 11. Bg5 e4 12. Qb3 Qe8 13. d6 Qc6 14. Rfd1 Bd7 15.
Rac1 Rf7 16. dxc7 Ne8 17. a4 a6 18. Be3 Qxc7 19. f3 Nf6 20. Kh1 exf3 21. exf3
Bc6 22. Rd6 Nd5 23. Bd2 Re8 24. Re1 Nxc3 25. Bxc3 Bxc3 26. Qxc3 Bxa4 27. Rdxe6
Rxe6 28. Rxe6 Re7 29. Rd6 Bc6 30. h4 Rd7 31. Qc4+ Kf8 32. Qd4 Rxd6 33. cxd6 Qg7
34. Qe3 Qf6 35. Qh6+ Qg7 36. Qe3 Qf6 37. Qh6+ Qg7 38. Qe3 Qf6 1/2-1/2

[Event "II Festival Riviera delle Palme A"]
[Site "San Benedetto del Tronto ITA"]
[Date "1999.07.??"]
[Round "8"]
[White "Papadatos, Ioannis"]
[Black "Palmiotto, Fiorentino"]
[Result "1/2-1/2"]
[WhiteElo "2181"]
[BlackElo "2161"]
[PlyCount "83"]
[EventDate "1999.07.11"]

1. d4 d5 2. c4 e6 3. Nc3 Nf6 4. Bg5 Be7 5. Nf3 c6 6. e3 O-O 7. Rc1 Nbd7 8. Bd3
dxc4 9. Bxc4 b5 10. Bd3 Bb7 11. O-O a6 12. Bxf6 Bxf6 13. Ne4 Be7 14. Nc5 Nxc5
15. dxc5 Qd5 16. Qc2 g6 17. b3 Qh5 18. Be2 Qh6 19. Rfd1 Rfd8 20. b4 Qf8 21.
Rxd8 Rxd8 22. Nd4 Rd7 23. h3 e5 24. Nb3 Bd8 25. Rd1 Qe7 26. Rd2 f5 27. Qd1 Bc8
28. Rxd7 Qxd7 29. Qxd7 Bxd7 30. Kf1 Be6 31. Ke1 Bxb3 32. axb3 a5 33. bxa5 Bxa5+
34. Kd1 Bb4 35. g4 Kf7 36. gxf5 gxf5 37. Bh5+ Ke7 38. Kc2 Bxc5 39. Kc3 Bd6 40.
f3 c5 41. Kd3 Kf6 42. Be8 1/2-1/2

[Event "II Festival Riviera delle Palme A"]
[Site "San Benedetto del Tronto ITA"]
[Date "1999.07.??"]
[Round "8"]
[White "Safranska, Anda"]
[Black "Mrdja, Milan"]
[Result "1/2-1/2"]
[WhiteElo "2267"]
[BlackElo "2425"]
[PlyCount "133"]
[EventDate "1999.07.11"]

1. e4 e6 2. d3 c5 3. Nf3 d5 4. Nbd2 Nc6 5. g3 Bd6 6. Bg2 Nge7 7. O-O O-O 8. Re1
Bc7 9. c3 f6 10. Qe2 Rb8 11. a4 Kh8 12. Nb3 b6 13. exd5 exd5 14. a5 Bg4 15.
axb6 axb6 16. Nbd2 Qd7 17. Qf1 g5 18. b3 h6 19. d4 Bf5 20. Qb5 Bd6 21. Nf1 Be4
22. Bb2 Rb7 23. N3d2 Bg6 24. Ne3 Bf7 25. Ra6 Rfb8 26. Ra4 Kg7 27. Nf3 Kg8 28.
Nd2 f5 29. Qe2 Re8 30. Qd1 cxd4 31. cxd4 g4 32. Ndf1 b5 33. Ra1 b4 34. Nd2 Na7
35. Ndf1 Nb5 36. Qd2 Kg7 37. Nc2 Nc7 38. Bc1 Ng8 39. Rxe8 Bxe8 40. Nfe3 Qe6 41.
Nc4 Bf8 42. Ne5 Kh7 43. Nd3 Qb6 44. Qe3 Ne6 45. Bxd5 Re7 46. Ne5 Nf6 47. Bg2
Ng5 48. Qd3 Nge4 49. Ne3 Bb5 50. N3c4 Qd8 51. Bf4 Bg7 52. Rd1 Qd5 53. Qb1 Kg8
54. Ne3 Qe6 55. Qc2 Nc3 56. d5 Qb6 57. Nxf5 Rc7 58. Nc4 Rxc4 59. bxc4 Ba4 60.
Nxh6+ Kh8 61. Qg6 Be8 62. Qd3 Nxd1 63. Qxd1 b3 64. c5 Qb4 65. Bd2 Qc4 66. Bc1
Qxc5 67. Nxg4 1/2-1/2

[Event "II Festival Riviera delle Palme A"]
[Site "San Benedetto del Tronto ITA"]
[Date "1999.07.??"]
[Round "8"]
[White "Sbraccia, Giovanni"]
[Black "Luchsinger, Eric"]
[Result "0-1"]
[WhiteElo "2134"]
[BlackElo "2200"]
[PlyCount "114"]
[EventDate "1999.07.11"]

1. g3 c5 2. Bg2 Nc6 3. e4 g6 4. d3 Bg7 5. Nc3 d6 6. f4 e6 7. Nf3 Nge7 8. Be3
Nd4 9. O-O O-O 10. Qd2 Rb8 11. Nd1 b6 12. Ne1 d5 13. c3 Ndc6 14. Qc1 Ba6 15.
Rf2 Rb7 16. g4 f5 17. gxf5 exf5 18. e5 Rc7 19. Qc2 d4 20. Bd2 dxc3 21. bxc3 Kh8
22. Nb2 Na5 23. Nf3 h6 24. Re1 Nec6 25. Bf1 Bb7 26. Qd1 Re8 27. Rg2 Kh7 28. Qe2
Bf8 29. Be3 Bc8 30. Qf2 Be6 31. a3 Rg7 32. d4 cxd4 33. cxd4 Bd5 34. Rd1 Bxa3
35. Rg3 Be7 36. Bb5 Rh8 37. Rh3 Kg8 38. Rc1 Qa8 39. Nc4 Nxc4 40. Bxc4 Nd8 41.
Qa2 Bxc4 42. Qxc4+ Nf7 43. d5 g5 44. Rg3 gxf4 45. Bxf4 Bc5+ 46. Kf1 Ng5 47.
Nxg5 hxg5 48. Rxg5 Rxg5 49. Bxg5 Rxh2 50. Qb3 Qe8 51. Rxc5 bxc5 52. d6+ Kh7 53.
Qb7+ Kg6 54. Bf6 Qg8 55. e6 Kxf6 56. Qe7+ Ke5 57. Qb7 Qg3 0-1

[Event "II Festival Riviera delle Palme A"]
[Site "San Benedetto del Tronto ITA"]
[Date "1999.07.??"]
[Round "8"]
[White "Suppa, Ercole"]
[Black "Metrangolo, Antonio"]
[Result "0-1"]
[WhiteElo "2140"]
[BlackElo "1954"]
[PlyCount "122"]
[EventDate "1999.07.11"]

1. d4 g6 2. Nf3 Bg7 3. c3 Nf6 4. Bg5 Ne4 5. Bh4 b6 6. Nbd2 Nxd2 7. Qxd2 Bb7 8.
Bg5 h6 9. Bf4 d6 10. h4 Nd7 11. g4 e5 12. dxe5 dxe5 13. Be3 Nf6 14. Rg1 Nd5 15.
O-O-O Qe7 16. h5 O-O-O 17. Qe1 Nxe3 18. fxe3 Qc5 19. Rxd8+ Rxd8 20. Qf2 Qd5 21.
Bh3 Qxa2 22. Nd2 g5 23. Qf5+ Kb8 24. Bg2 Bxg2 25. Rxg2 Qd5 26. Qd3 Qxd3 27.
exd3 Rxd3 28. e4 Bf8 29. Kc2 Re3 30. Rf2 Bc5 31. Rf3 Re2 32. Rxf7 Rg2 33. Kd3
Rxg4 34. Rf6 Rg3+ 35. Kc4 Rg2 36. Kd3 g4 37. Rxh6 Rh2 38. Rg6 Rh3+ 39. Kc4 Be3
40. Nf1 Bf4 41. Rxg4 Rxh5 42. Rg2 Rh3 43. Re2 c6 44. b4 Kc7 45. Ra2 b5+ 46. Kb3
Kb6 47. Re2 Rf3 48. Re1 a6 49. Kc2 Rf2+ 50. Kd3 a5 51. bxa5+ Kxa5 52. Ra1+ Kb6
53. Rb1 c5 54. c4 b4 55. Ra1 Rf3+ 56. Ke2 Rc3 57. Nd2 Rc2 58. Rd1 Rxd2+ 59.
Rxd2 Bxd2 60. Kxd2 Ka5 61. Kc2 Ka4 0-1

[Event "II Festival Riviera delle Palme A"]
[Site "San Benedetto del Tronto ITA"]
[Date "1999.07.??"]
[Round "8"]
[White "Zaja, Ivan"]
[Black "Luciani, Valerio"]
[Result "1-0"]
[WhiteElo "2446"]
[BlackElo "2229"]
[PlyCount "77"]
[EventDate "1999.07.11"]

1. e4 e6 2. d4 d5 3. Nc3 Bb4 4. Bd2 dxe4 5. Qg4 Nf6 6. Qxg7 Rg8 7. Qh6 Bxc3 8.
Bxc3 b6 9. O-O-O Bb7 10. Nh3 Nbd7 11. Bb4 Nd5 12. Ba3 Qf6 13. Qd2 O-O-O 14. c4
Ne7 15. Qf4 Qxf4+ 16. Nxf4 c5 17. Be2 e5 18. dxe5 Nxe5 19. Rxd8+ Rxd8 20. Rd1
Rxd1+ 21. Kxd1 Kd7 22. b3 N7g6 23. Bc1 Bc6 24. Be3 f5 25. Nh5 Ke6 26. h3 Bd7
27. Kd2 Bc6 28. Kc3 a5 29. a3 Kd6 30. g3 Ke6 31. b4 axb4+ 32. axb4 Nd7 33. b5
Bb7 34. Ng7+ Kf6 35. Nxf5 Ke5 36. Nh6 Ndf8 37. Bg4 Ba8 38. Bg5 Kd6 39. Bd8 1-0